[Event "Stare Mesto OPEN"]
[Site "?"]
[Date "2004.08.15"]
[Round "3.6"]
[White "Bazant, Petr Jr"]
[Black "Holeksa, Zdenek"]
[Result "1-0"]
[WhiteElo "2384"]
[BlackElo "2223"]
[PlyCount "127"]
[EventDate "2004.08.15"]
[SourceDate "2004.08.15"]

1. e4 c5 2. Nf3 d6 3. c3 Nf6 4. Be2 Nbd7 5. d3 b6 6. O-O Bb7 7. Bg5 g6 8. Qc1
h6 9. Bd2 c4 10. d4 Bxe4 11. Bxc4 Bxf3 12. gxf3 Bg7 13. Na3 d5 14. Bd3 Rc8 15.
Re1 Nf8 16. Kh1 Ne6 17. Qd1 Ng5 18. Qe2 Kf8 19. Rg1 Qd7 20. Rae1 Nh5 21. Rg4 f5
22. Rg2 Kf7 23. f4 Ne4 24. Bc1 Bf6 25. Nc2 Bh4 26. Reg1 Rhg8 27. Nb4 Nhf6 28.
Ba6 Ng4 29. Nd3 Qe6 30. Bxc8 Rxc8 31. Ne5+ Nxe5 32. fxe5 Ng5 33. Bxg5 hxg5 34.
f3 Rh8 35. Qb5 g4 36. fxg4 f4 37. Rf1 Bg5 38. Qd3 Rh4 39. Qg3 Rh7 40. Kg1 Kg7
41. Qf3 Qg8 42. b3 e6 43. c4 Qh8 44. cxd5 Rh3 45. Qd1 exd5 46. Rf3 Qh4 47. Rxh3
Qxh3 48. Rf2 Bh4 49. Rf1 Qe3+ 50. Kg2 Bg5 51. Rf3 Qe4 52. Qd3 Qe1 53. Rf1 Qa5
54. Rf2 Bh4 55. Re2 Qb4 56. Kf3 Qf8 57. Qb5 Be7 58. Qxd5 Qh8 59. Kg2 Qf8 60.
Rc2 Kh6 61. Rc7 Kg5 62. Kf3 Kh6 63. Qe6 Bd8 64. Qf7 1-0

[Event "Stare Mesto OPEN"]
[Site "?"]
[Date "2004.08.15"]
[Round "3.7"]
[White "Volodin, Viktor"]
[Black "Vesselovsky, Serguei"]
[Result "0-1"]
[WhiteElo "2247"]
[BlackElo "2383"]
[PlyCount "29"]
[EventDate "2004.08.15"]
[SourceDate "2004.08.15"]

1. Nf3 c5 2. c4 g6 3. d4 Bg7 4. e4 Qa5+ 5. Bd2 Qb6 6. Bc3 Nf6 7. d5 O-O 8. e5
Ne4 9. Bd3 Nxc3 10. Nxc3 d6 11. Qe2 Bg4 12. e6 fxe6 13. O-O Nd7 14. h3 Bxf3 15.
Qxe6+ 0-1

[Event "Stare Mesto OPEN"]
[Site "?"]
[Date "2004.08.15"]
[Round "3.8"]
[White "Kireeev, Alexei"]
[Black "Bugalski, Michal"]
[Result "1-0"]
[WhiteElo "2358"]
[BlackElo "2216"]
[PlyCount "53"]
[EventDate "2004.08.15"]
[SourceDate "2004.08.15"]

1. d4 d5 2. Bg5 Nf6 3. e3 g6 4. Bxf6 exf6 5. h4 h5 6. Ne2 Bd6 7. g3 Qe7 8. Bg2
c6 9. Nd2 Bf5 10. c4 dxc4 11. Nxc4 Bc7 12. Qb3 O-O 13. Qxb7 Be6 14. Nd2 Rc8 15.
d5 Nd7 16. dxe6 Nc5 17. exf7+ Kf8 18. Qxc6 Rab8 19. Qf3 Rxb2 20. Ne4 Nd3+ 21.
Kf1 Be5 22. Kg1 Rcc2 23. Bf1 Qxf7 24. Rd1 Qd5 25. Nf4 Bxf4 26. Rxd3 Rxf2 27.
Qxf2 1-0

[Event "Stare Mesto OPEN"]
[Site "?"]
[Date "2004.08.15"]
[Round "3.9"]
[White "Havranek, Miroslav"]
[Black "Dochev, Dimitar"]
[Result "0-1"]
[WhiteElo "2238"]
[BlackElo "2353"]
[PlyCount "100"]
[EventDate "2004.08.15"]
[SourceDate "2004.08.15"]

1. e4 e6 2. d4 d5 3. exd5 exd5 4. Bd3 Nf6 5. Nf3 Bg4 6. O-O Be7 7. Nbd2 O-O 8.
c3 c5 9. dxc5 Bxc5 10. Nb3 Bb6 11. Nbd4 Bxd4 12. cxd4 Nc6 13. Be3 Qb6 14. Qb3
Qxb3 15. axb3 Bxf3 16. gxf3 Nb4 17. Bb1 g6 18. Rc1 Nc6 19. Bd3 Rfc8 20. Bf1 Nd7
21. b4 a6 22. b5 axb5 23. Bxb5 Rxa1 24. Rxa1 Nf8 25. Rc1 Ne6 26. Ba4 Kg7 27. b4
Rb8 28. Kg2 Ncxd4 29. Rd1 b5 30. Bxd4+ Nxd4 31. Rxd4 bxa4 32. Rxd5 Rxb4 33. Ra5
h6 34. Ra6 g5 35. Kg3 h5 36. Kh3 f6 37. Kg3 Rf4 38. Ra7+ Kg6 39. h3 h4+ 40. Kg2
Kf5 41. Ra5+ Ke6 42. Kf1 Kd6 43. Ke2 Kc6 44. Ke3 Kb6 45. Ra8 Kb5 46. Rb8+ Kc4
47. Rb6 a3 48. Ra6 Kb3 49. Rb6+ Rb4 50. Ra6 a2 0-1

[Event "Stare Mesto OPEN"]
[Site "?"]
[Date "2004.08.15"]
[Round "3.10"]
[White "Lasinskas, Povilas"]
[Black "Kantorik, Marian"]
[Result "1/2-1/2"]
[WhiteElo "2234"]
[BlackElo "2331"]
[PlyCount "84"]
[EventDate "2004.08.15"]
[SourceDate "2004.08.15"]

1. e4 Nf6 2. Nc3 d5 3. e5 Ne4 4. g3 Nxc3 5. dxc3 Bf5 6. Bg2 e6 7. Be3 h6 8. Qd2
Nd7 9. f4 c6 10. Nf3 Be4 11. O-O-O Qa5 12. Kb1 O-O-O 13. Nd4 Bxg2 14. Qxg2 Qc7
15. Rhe1 g6 16. g4 Kb8 17. Bf2 Ka8 18. Bg3 Bg7 19. Nf3 Nc5 20. Bf2 Ne4 21. Bg1
Bf8 22. Nd2 Nxd2+ 23. Rxd2 h5 24. h3 Be7 25. Bf2 Rh7 26. Bg3 hxg4 27. hxg4 Rdh8
28. a3 Bc5 29. Rdd1 Qb6 30. Ka1 a6 31. Rh1 Be3 32. Rxh7 Rxh7 33. Rf1 Rh8 34.
Qf3 d4 35. cxd4 Bxd4 36. c3 Bc5 37. f5 Rd8 38. Rd1 Rxd1+ 39. Qxd1 gxf5 40. gxf5
Qc7 41. Qd3 Bb6 42. Kb1 Qd8 1/2-1/2

[Event "Stare Mesto OPEN"]
[Site "?"]
[Date "2004.08.??"]
[Round "3.11"]
[White "Kotan, Ladislav"]
[Black "Karhanek, Pavel"]
[Result "0-1"]
[WhiteElo "2325"]
[BlackElo "2221"]
[PlyCount "82"]
[EventDate "2004.08.15"]
[SourceDate "2004.08.15"]

1. e4 Nf6 2. d3 e5 3. Nf3 Nc6 4. c3 a5 5. Be2 d5 6. Nbd2 h6 7. O-O dxe4 8. dxe4
Bc5 9. Bb5 Qe7 10. Nc4 Bd7 11. Qc2 O-O 12. a4 Rfe8 13. Re1 b6 14. h3 Na7 15.
Ba6 Nc6 16. Bb7 Rad8 17. Bd2 Qe6 18. b3 Nh7 19. Re2 f6 20. Ne3 Bxe3 21. Bxe3
Qf7 22. Nh4 Ne7 23. Nf5 Be6 24. Rb1 Qh5 25. Nxe7+ Rxe7 26. c4 f5 27. f4 Nf6 28.
fxe5 Nxe4 29. Ree1 c5 30. Bc6 Rc7 31. Bb5 g5 32. Rbd1 Rf8 33. Bc1 Qh4 34. Re3
g4 35. Rd6 Ng5 36. Qf2 Qh5 37. hxg4 fxg4 38. Qg3 Rcf7 39. Rd1 Rg7 40. Qh2 Nh3+
41. Kh1 g3 0-1

[Event "Stare Mesto OPEN"]
[Site "?"]
[Date "2004.08.15"]
[Round "3.12"]
[White "Tsifanskaya, Ludmila"]
[Black "Rachela, Milan"]
[Result "1/2-1/2"]
[WhiteElo "2216"]
[BlackElo "2308"]
[PlyCount "24"]
[EventDate "2004.08.15"]
[SourceDate "2004.08.15"]

1. e4 c5 2. c3 d5 3. exd5 Qxd5 4. d4 Nf6 5. Nf3 e6 6. Be2 Be7 7. O-O O-O 8. Be3
Ng4 9. Bf4 Qf5 10. Bg3 Nf6 11. Na3 Nc6 12. Nc4 Rd8 1/2-1/2

[Event "Stare Mesto OPEN"]
[Site "?"]
[Date "2004.08.15"]
[Round "3.13"]
[White "Rat, Dan"]
[Black "Medunova, Vera"]
[Result "1/2-1/2"]
[WhiteElo "2306"]
[BlackElo "2191"]
[PlyCount "49"]
[EventDate "2004.08.15"]
[SourceDate "2004.08.15"]

1. d4 Nf6 2. c4 c5 3. d5 b5 4. a4 bxc4 5. Nc3 d6 6. e4 g6 7. Bxc4 Bg7 8. Bb5+
Bd7 9. Nf3 O-O 10. h3 Bxb5 11. axb5 Nbd7 12. O-O Ne8 13. Qe2 Nc7 14. Bg5 Re8
15. Ra2 Qb8 16. Ra5 Qb7 17. Rfa1 Nb6 18. Qd3 Nc8 19. R1a2 Rb8 20. Nd2 Na8 21.
Nc4 Qd7 22. Na3 Nc7 23. Ra1 e6 24. dxe6 Qxe6 25. f3 1/2-1/2

[Event "Stare Mesto OPEN"]
[Site "?"]
[Date "2004.08.15"]
[Round "3.14"]
[White "Holusova, Tana"]
[Black "Vyskocil, Neklan"]
[Result "0-1"]
[WhiteElo "2153"]
[BlackElo "2305"]
[PlyCount "94"]
[EventDate "2004.08.15"]
[SourceDate "2004.08.15"]

1. e4 d5 2. exd5 Qxd5 3. Nc3 Qd6 4. Nf3 Nf6 5. d4 a6 6. Be2 Nc6 7. O-O Bf5 8.
a3 O-O-O 9. Be3 e5 10. dxe5 Nxe5 11. Nd4 Neg4 12. Bxg4 Nxg4 13. g3 Nxe3 14.
fxe3 Bg6 15. Qg4+ Qd7 16. Qf3 Bc5 17. Rad1 Rhe8 18. Kg2 Qe7 19. Nf5 Qe5 20. e4
Bd4 21. Nxd4 Rxd4 22. Rxd4 Qxd4 23. Re1 Kb8 24. h4 h5 25. Qf4 Qc4 26. Re3 Rd8
27. Re2 Rd6 28. Qe3 Qe6 29. e5 Rd7 30. b4 Bf5 31. a4 Qc6+ 32. Kh2 Qc4 33. b5
Qd4 34. Qxd4 Rxd4 35. bxa6 bxa6 36. Kg2 Rc4 37. Re3 Bxc2 38. Kf2 Bxa4 39. Nxa4
Rxa4 40. Rb3+ Kc8 41. Ke3 a5 42. Rb5 g6 43. Rb1 Kd7 44. Rf1 Ke6 45. Rc1 Kxe5
46. Rxc7 Ra3+ 47. Ke2 f6 0-1

[Event "Stare Mesto OPEN"]
[Site "?"]
[Date "2004.08.15"]
[Round "3.15"]
[White "Weglarz, Leszek"]
[Black "Hujo, Jozef"]
[Result "1-0"]
[WhiteElo "2305"]
[BlackElo "2061"]
[PlyCount "87"]
[EventDate "2004.08.15"]
[SourceDate "2004.08.15"]

1. Nf3 f5 2. d3 d5 3. c4 e6 4. g3 c6 5. Qc2 Nf6 6. Bg2 Bd6 7. Bf4 O-O 8. Nbd2
Qc7 9. Bxd6 Qxd6 10. d4 Nbd7 11. O-O f4 12. c5 Qb8 13. Ng5 fxg3 14. fxg3 Re8
15. Bh3 Nf8 16. Rxf6 gxf6 17. Nxh7 Kg7 18. Nxf8 Rxf8 19. Rf1 e5 20. Bxc8 Qxc8
21. Nf3 Qg4 22. Nh4 Qxd4+ 23. Rf2 Qg4 24. h3 Qg5 25. Nf5+ Kh8 26. h4 Qg4 27.
Qd2 Qh5 28. Qb4 Rg8 29. Qxb7 Rab8 30. Qxc6 Qg6 31. Qxd5 Rxb2 32. e4 Rb1+ 33.
Kg2 Qg4 34. Qf7 Qg6 35. Qxa7 Qg4 36. Qf7 Rh1 37. Kxh1 Qh3+ 38. Kg1 Rxg3+ 39.
Nxg3 Qxg3+ 40. Kf1 Qd3+ 41. Re2 Qf3+ 42. Ke1 Qg3+ 43. Kd2 Qf4+ 44. Kc2 1-0

[Event "Stare Mesto OPEN"]
[Site "?"]
[Date "2004.08.15"]
[Round "3.16"]
[White "Sojka, Ales"]
[Black "Jurkiewicz, Krzystof"]
[Result "0-1"]
[WhiteElo "2135"]
[BlackElo "2290"]
[PlyCount "57"]
[EventDate "2004.08.15"]
[SourceDate "2004.08.15"]

1. e4 d5 2. exd5 Qxd5 3. Nc3 Qa5 4. d4 Nf6 5. Bd3 Nc6 6. Nge2 Nb4 7. O-O Bf5 8.
Bxf5 Qxf5 9. Bf4 O-O-O 10. Rc1 g5 11. Be5 Nc6 12. Ng3 Qg6 13. Qe2 Bg7 14. Bxf6
Bxf6 15. d5 Ne5 16. Nge4 Nd7 17. Nb5 Kb8 18. c4 a6 19. c5 axb5 20. c6 Nb6 21.
Nc5 Rxd5 22. cxb7 Be5 23. Qxb5 Qd6 24. Rfe1 Bxh2+ 25. Kf1 Rd8 26. a4 Bf4 27.
Qe2 Qh6 28. Qxe7 Qh1+ 29. Ke2 0-1

[Event "Stare Mesto OPEN"]
[Site "?"]
[Date "2004.08.15"]
[Round "3.18"]
[White "Mudrak, Josef"]
[Black "Birkenmaier, Rainer"]
[Result "1/2-1/2"]
[WhiteElo "2353"]
[BlackElo "2131"]
[PlyCount "62"]
[EventDate "2004.08.15"]
[SourceDate "2004.08.15"]

1. e4 e6 2. d4 d5 3. e5 c5 4. c3 Nc6 5. a3 Bd7 6. b4 cxd4 7. cxd4 a6 8. Nf3 g6
9. Be2 Bg7 10. Nbd2 f6 11. exf6 Nxf6 12. Nb3 Ne4 13. Bb2 O-O 14. O-O b6 15. Bd3
Ng5 16. Nxg5 Qxg5 17. g3 e5 18. dxe5 Bxe5 19. Bxe5 Qxe5 20. Qd2 Nd4 21. Nxd4
Qxd4 22. Ra2 a5 23. Bb1 Qxd2 24. Rxd2 axb4 25. axb4 Bb5 26. Rc1 Bc4 27. Be4
Rfd8 28. b5 dxe4 29. Rxd8+ Rxd8 30. Rxc4 Rd5 31. Rb4 Kg7 1/2-1/2

[Event "Stare Mesto OPEN"]
[Site "?"]
[Date "2004.08.15"]
[Round "3.19"]
[White "Karlik, Vladimir"]
[Black "Mueller, Manfred"]
[Result "1-0"]
[WhiteElo "2348"]
[BlackElo "2124"]
[PlyCount "29"]
[EventDate "2004.??.??"]
[SourceDate "2004.08.15"]

1. d4 Nf6 2. Nf3 d5 3. Bf4 e6 4. e3 Bd6 5. Bg3 O-O 6. Nbd2 b6 7. Bd3 Ba6 8. c4
c5 9. dxc5 Bxc5 10. a3 Bd6 11. Rc1 dxc4 12. Nxc4 Bxc4 13. Bxd6 Bxd3 14. Bxf8
Qxf8 15. Qxd3 1-0

[Event "Stare Mesto OPEN"]
[Site "?"]
[Date "2004.08.15"]
[Round "3.20"]
[White "Hodovsky, Jiri"]
[Black "Dauth, Benjamin"]
[Result "0-1"]
[WhiteElo "2132"]
[BlackElo "2271"]
[PlyCount "52"]
[EventDate "2004.??.??"]
[SourceDate "2004.08.15"]

1. e4 e5 2. Nf3 Nc6 3. Bb5 f5 4. Nc3 fxe4 5. Nxe4 d5 6. Nxe5 dxe4 7. Nxc6 Qd5
8. c4 Qg5 9. Qe2 Nf6 10. f4 Qxf4 11. Nxa7+ Kd8 12. Nxc8 Kxc8 13. b3 Qe5 14. Rb1
Rxa2 15. O-O c6 16. Ba4 Bd6 17. g3 Bc5+ 18. Kh1 e3 19. Qg2 Re8 20. b4 e2 21.
Re1 Bf2 22. Qxf2 Qe4+ 23. Kg1 Qxb1 24. Qa7 Qxb4 25. Qa8+ Kc7 26. Qa5+ Qxa5 0-1

[Event "Stare Mesto OPEN"]
[Site "?"]
[Date "2004.08.15"]
[Round "3.22"]
[White "Gunis, Juraj"]
[Black "Kemal, Ozeken"]
[Result "0-1"]
[WhiteElo "2088"]
[BlackElo "2228"]
[PlyCount "96"]
[EventDate "2004.??.??"]
[SourceDate "2004.08.15"]

1. Nf3 d5 2. c4 c6 3. b3 Nf6 4. g3 Bg4 5. Bg2 Nbd7 6. Bb2 e6 7. O-O Bd6 8. d3
Qe7 9. Nbd2 O-O 10. h3 Bh5 11. Rc1 a5 12. e4 dxe4 13. dxe4 e5 14. Qc2 Bxf3 15.
Bxf3 Rfd8 16. Be2 Nc5 17. Rfd1 h5 18. h4 Ne6 19. Nf3 Ng4 20. Nh2 Nxh2 21. Kxh2
g5 22. Bxh5 Kg7 23. Qe2 Rh8 24. Qg4 f6 25. Rd3 c5 26. Kg2 Rag8 27. hxg5 fxg5
28. Rf3 Rf8 29. Rf5 Rxf5 30. exf5 Nd4 31. Bxd4 cxd4 32. c5 Bc7 33. c6 b6 34.
Bg6 Kf6 35. Qe4 Qd6 36. f3 Qb4 37. Rc2 Rd8 38. Qd3 Rh8 39. Qd2 Qd6 40. Qf2 g4
41. Qe1 gxf3+ 42. Kxf3 e4+ 43. Kg2 e3 44. Kg1 d3 45. Rg2 e2 46. g4 Qd4+ 47. Rf2
d2 48. g5+ Kxg5 0-1

[Event "Stare Mesto OPEN"]
[Site "?"]
[Date "2004.08.15"]
[Round "3.23"]
[White "Mojzis, Jaroslav"]
[Black "Krizek, Frantisek"]
[Result "1-0"]
[WhiteElo "2217"]
[BlackElo "2076"]
[PlyCount "59"]
[EventDate "2004.??.??"]
[SourceDate "2004.08.15"]

1. Nf3 Nf6 2. g3 g6 3. Bg2 Bg7 4. O-O O-O 5. d4 d6 6. c4 c6 7. Nc3 Nbd7 8. e4
e5 9. h3 Re8 10. Qc2 Nb6 11. Qd3 exd4 12. Nxd4 d5 13. exd5 cxd5 14. c5 Nbd7 15.
Nb3 Ne5 16. Qd1 Bf5 17. Bg5 h6 18. Bxf6 Bxf6 19. Nxd5 Nc4 20. Nxf6+ Qxf6 21.
Qc1 Nxb2 22. Qxh6 Re7 23. Rae1 Rae8 24. Rxe7 Rxe7 25. Qd2 Nc4 26. Qf4 Qa6 27.
Rd1 Rd7 28. Rxd7 Bxd7 29. Bf1 Bb5 30. Nd4 1-0

[Event "Stare Mesto OPEN"]
[Site "?"]
[Date "2004.08.15"]
[Round "3.24"]
[White "Savage, Ben"]
[Black "Kruppa, Dominik"]
[Result "1-0"]
[WhiteElo "2204"]
[BlackElo "2054"]
[PlyCount "61"]
[EventDate "2004.??.??"]
[SourceDate "2004.08.15"]

1. d4 Nf6 2. Bg5 Ne4 3. Bf4 d5 4. e3 Bf5 5. Bd3 e6 6. Ne2 Bg6 7. O-O Bd6 8. f3
Nf6 9. Bg5 c5 10. c4 dxc4 11. Bxc4 O-O 12. Nbc3 cxd4 13. Qxd4 Nc6 14. Qh4 Be7
15. Nf4 Ne5 16. Nxg6 Nxg6 17. Qf2 Qb6 18. Qe2 Rac8 19. Bb3 h6 20. Bxf6 Bxf6 21.
Ne4 Be5 22. Kh1 Rc6 23. Rad1 Rfc8 24. f4 Bb8 25. Nc3 a6 26. Rd2 Ba7 27. Rd3 Rd6
28. Rxd6 Qxd6 29. g3 Rd8 30. e4 Qd2 31. Rd1 1-0

[Event "Stare Mesto OPEN"]
[Site "?"]
[Date "2004.08.15"]
[Round "3.26"]
[White "Tejkal, Jiri"]
[Black "Kovacik, Emil"]
[Result "1-0"]
[WhiteElo "2048"]
[BlackElo "2178"]
[PlyCount "75"]
[EventDate "2004.??.??"]
[SourceDate "2004.08.15"]

1. d4 d5 2. Nf3 a6 3. Bf4 Bf5 4. e3 Nf6 5. Nbd2 e6 6. Nh4 Bg4 7. Nhf3 c5 8. c3
Nc6 9. Be2 Bd6 10. Bg5 h6 11. Bh4 O-O 12. h3 Bf5 13. g4 Bg6 14. g5 hxg5 15.
Bxg5 cxd4 16. cxd4 e5 17. Nb3 Re8 18. Qd2 a5 19. dxe5 Nxe5 20. Nxe5 Bxe5 21.
Kf1 a4 22. Bxf6 Qxf6 23. Nd4 a3 24. b3 Rac8 25. Rd1 Bf4 26. Qe1 Bh5 27. f3 Rxe3
28. Rd3 Rce8 29. Qd1 Bg6 30. Rxe3 Rxe3 31. Nb5 Be5 32. Kf2 Qb6 33. Kf1 Rc3 34.
Qxd5 Rc5 35. Qd1 Bf4 36. Qd4 Be5 37. Qa4 Bf6 38. Nxa3 1-0

[Event "Stare Mesto OPEN"]
[Site "?"]
[Date "2004.08.15"]
[Round "3.29"]
[White "Palka, Miroslav"]
[Black "Sosna, Jan"]
[Result "0-1"]
[WhiteElo "2062"]
[BlackElo "2422"]
[PlyCount "72"]
[EventDate "2004.??.??"]
[SourceDate "2004.08.15"]

1. c4 e6 2. Nc3 d5 3. d4 c6 4. Nf3 dxc4 5. e4 b5 6. a4 Bb4 7. Bd2 a5 8. Be2 Ba6
9. O-O Ne7 10. Qc2 O-O 11. Be3 Nd7 12. Nd2 Nb6 13. axb5 cxb5 14. f4 Rc8 15. Nf3
Qc7 16. g4 f5 17. Ne5 a4 18. gxf5 exf5 19. Bf3 Bxc3 20. bxc3 Bb7 21. Rab1 fxe4
22. Bxe4 Bxe4 23. Qxe4 Nbd5 24. Bd2 b4 25. cxb4 c3 26. Rbc1 Qa7 27. Be3 Nxe3
28. Qxe3 Nf5 29. Qf2 Qxd4 30. Qxd4 Nxd4 31. Ra1 Ne2+ 32. Kh1 Rxf4 33. Nd3 Rxf1+
34. Rxf1 c2 35. Nc1 Nxc1 36. Rxc1 a3 0-1

[Event "Stare Mesto OPEN"]
[Site "?"]
[Date "2004.08.15"]
[Round "3.30"]
[White "Delmont, Jean-Robert"]
[Black "Zpevak, Pavel"]
[Result "0-1"]
[WhiteElo "2038"]
[BlackElo "2355"]
[PlyCount "30"]
[EventDate "2004.??.??"]
[SourceDate "2004.08.15"]

1. d4 Nf6 2. c4 c5 3. d5 b5 4. cxb5 a6 5. Nc3 axb5 6. e4 b4 7. Nb5 d6 8. Bf4 g5
9. Bxg5 Nxe4 10. Bf4 Nf6 11. Bc4 Bg7 12. Qd2 Nbd7 13. a3 Nb6 14. Ba2 Ba6 15. a4
Bxb5 0-1

[Event "Stare Mesto OPEN "]
[Site "?"]
[Date "2004.08.15"]
[Round "4.1"]
[White "Vyskocil, Neklan"]
[Black "Lechtynsky, Jiri"]
[Result "1/2-1/2"]
[WhiteElo "2305"]
[BlackElo "2480"]
[PlyCount "129"]
[EventDate "2004.08.15"]
[SourceDate "2004.08.15"]

1. e4 c6 2. d4 d5 3. Nc3 dxe4 4. Nxe4 Nf6 5. Nxf6+ exf6 6. Nf3 Be6 7. Be2 Bd6
8. O-O O-O 9. Nd2 Nd7 10. Nc4 Bc7 11. Ne3 Nb6 12. Bg4 Qd7 13. Bxe6 fxe6 14. c3
a5 15. Nc2 Rad8 16. Qf3 Qd5 17. Qxd5 exd5 18. Re1 Rfe8 19. g3 Kf7 20. Kg2 Bd6
21. Kf3 g5 22. h3 Kg6 23. Rxe8 Rxe8 24. b3 f5 25. Be3 Nd7 26. Ne1 Nf6 27. Nd3
h6 28. Rc1 Re4 29. c4 Re7 30. Rb1 Ne4 31. Rc1 Nf6 32. Rb1 Ne4 33. Rc1 Nf6 34.
Rb1 Ne4 35. Rc1 Ba3 36. Rc2 Bd6 37. cxd5 cxd5 38. Rc8 Rc7 39. Rxc7 Bxc7 40. g4
Kf6 41. a4 f4 42. Bc1 Bb6 43. b4 Bxd4 44. bxa5 Bc3 45. Ba3 Nd2+ 46. Ke2 f3+ 47.
Kd1 Ne4 48. Bc5 Bxa5 49. Bd4+ Ke6 50. Kc2 Bc7 51. Kb3 Bd6 52. a5 Kd7 53. Bg7
Kc6 54. Bxh6 Kb5 55. Ne1 Nxf2 56. Nxf3 Nxh3 57. Nxg5 Nf2 58. Nf7 Be7 59. g5 Ne4
60. g6 Nc5+ 61. Kc2 Ne6 62. g7 Nxg7 63. Bxg7 Kxa5 64. Kd3 Bc5 65. Bd4 1/2-1/2

[Event "Stare Mesto OPEN"]
[Site "?"]
[Date "2004.08.15"]
[Round "4.2"]
[White "Jurkiewicz, Krzystof"]
[Black "Bazant, Petr jr"]
[Result "1/2-1/2"]
[WhiteElo "2290"]
[BlackElo "2384"]
[PlyCount "85"]
[EventDate "2004.08.15"]
[SourceDate "2004.08.15"]

1. c4 c6 2. g3 d5 3. Bg2 e5 4. Qc2 Nf6 5. d3 Bb4+ 6. Bd2 Bxd2+ 7. Nxd2 O-O 8.
Ngf3 Qe7 9. e3 Re8 10. O-O Nbd7 11. Rac1 Nf8 12. cxd5 cxd5 13. Qc5 Qxc5 14.
Rxc5 b6 15. Rc3 Bg4 16. Rfc1 Re7 17. d4 e4 18. Ne5 Be6 19. Bf1 Ne8 20. Ba6 f6
21. Nc6 Rd7 22. Nb4 Nd6 23. Nb1 Ng6 24. Na3 Ne7 25. b3 Kf8 26. Kf1 Bf7 27. Ke1
Rad8 28. Nb5 Be8 29. Nc7 Bf7 30. Nb5 Be8 31. Kd2 Nxb5 32. Bxb5 Rd6 33. a4 a5
34. Na6 Bxb5 35. axb5 R6d7 36. Rc7 Kf7 37. R1c3 g5 38. h3 f5 39. Rc1 Kf6 40.
Rxd7 Rxd7 41. Nb8 Rb7 42. Nc6 Rd7 43. Nxe7 1/2-1/2

[Event "Stare Mesto OPEN"]
[Site "?"]
[Date "2004.08.15"]
[Round "4.3"]
[White "Vesselovsky, Serguei"]
[Black "Weglarz, Leszek"]
[Result "1/2-1/2"]
[WhiteElo "2383"]
[BlackElo "2305"]
[PlyCount "82"]
[EventDate "2004.??.??"]
[SourceDate "2004.08.15"]

1. e4 e5 2. Bc4 Nf6 3. d3 c6 4. Nf3 Be7 5. Bb3 O-O 6. c3 Qc7 7. O-O d6 8. Re1
Nbd7 9. Nbd2 Ne8 10. Nf1 g6 11. d4 Bf6 12. h4 h5 13. Ng5 Bg7 14. Be3 c5 15.
dxc5 dxc5 16. Qd5 Nef6 17. Qc4 Ng4 18. Rad1 Nxe3 19. Nxe3 Nb6 20. Nd5 Nxd5 21.
Rxd5 b6 22. Red1 a5 23. Rd8 Ra7 24. Qxf7+ Qxf7 25. Nxf7 a4 26. Bd5 Raxf7 27.
Bxf7+ Kxf7 28. R1d6 Rxd8 29. Rxd8 Be6 30. Rb8 Bxa2 31. Rb7+ Kg8 32. Rxb6 Bh6
33. Rxg6+ Kh7 34. Ra6 Bb3 35. Ra7+ Kg8 36. Ra8+ Kf7 37. Ra7+ Kg8 38. Ra8+ Kh7
39. Ra7+ Kh8 40. Ra8+ Kg7 41. Ra7+ Kg8 1/2-1/2

[Event "Stare Mesto OPEN"]
[Site "?"]
[Date "2004.08.15"]
[Round "4.7"]
[White "Plachetka, Jan"]
[Black "Grecescu, Gabriel-Andrei"]
[Result "1-0"]
[WhiteElo "2435"]
[BlackElo "2264"]
[PlyCount "77"]
[EventDate "2004.??.??"]
[SourceDate "2004.08.15"]

1. d4 Nf6 2. Nf3 e6 3. g3 Be7 4. c4 b6 5. Bg2 c6 6. O-O d5 7. Qc2 Ba6 8. b3 O-O
9. Rd1 Nbd7 10. Bf4 Rc8 11. Nc3 dxc4 12. e4 Bb4 13. Nd2 Qe7 14. Nxc4 Bxc4 15.
bxc4 e5 16. dxe5 Nxe5 17. a3 Bc5 18. Na4 Nfd7 19. Nxc5 Nxc5 20. Bxe5 Qxe5 21.
f4 Qc7 22. e5 Rcd8 23. Qe2 Nb3 24. Rab1 Nd4 25. Qe3 c5 26. Bd5 Kh8 27. Qe4 Rfe8
28. Rf1 f6 29. Rbe1 Re7 30. Re3 Rde8 31. g4 g6 32. Rh3 g5 33. Qg6 Ne2+ 34. Kh1
Rf8 35. exf6 Rd7 36. fxg5 Nf4 37. Qh6 Re8 38. g6 Nxd5 39. g7+ 1-0

[Event "Stare Mesto OPEN"]
[Site "?"]
[Date "2004.08.15"]
[Round "4.5"]
[White "Dochev, Dimitar"]
[Black "Jurcik, Marian"]
[Result "1/2-1/2"]
[WhiteElo "2353"]
[BlackElo "2278"]
[PlyCount "31"]
[EventDate "2004.??.??"]
[SourceDate "2004.08.15"]

1. e4 c5 2. Nf3 e6 3. d4 cxd4 4. Nxd4 Nf6 5. Nc3 Nc6 6. Ndb5 Bb4 7. a3 Bxc3+ 8.
Nxc3 d5 9. exd5 exd5 10. Bd3 O-O 11. O-O d4 12. Ne2 Qd5 13. b4 Ne5 14. Bb2 Nxd3
15. cxd3 Bg4 16. f3 1/2-1/2

[Event "Stare Mesto OPEN"]
[Site "?"]
[Date "2004.08.15"]
[Round "4.6"]
[White "Karhanek, Pavel"]
[Black "Klima, Lukas"]
[Result "0-1"]
[WhiteElo "2211"]
[BlackElo "2432"]
[PlyCount "66"]
[EventDate "2004.??.??"]
[SourceDate "2004.08.15"]

1. d4 Nf6 2. Bg5 d5 3. e3 c6 4. Nd2 Qb6 5. Qc1 Bf5 6. Ngf3 Nbd7 7. Be2 Ne4 8.
Nxe4 dxe4 9. Nd2 c5 10. O-O h5 11. f3 Qg6 12. fxe4 Bg4 13. Bxg4 hxg4 14. Bf4
cxd4 15. exd4 e5 16. Bg3 exd4 17. Nb3 Bc5 18. Nxc5 Nxc5 19. Rf5 Nxe4 20. Re5+
Kf8 21. Qf4 Nxg3 22. Qxg3 Qxc2 23. Qa3+ Kg8 24. Rae1 Rh6 25. Qb4 d3 26. Qxb7
Rf8 27. Qe7 Qc6 28. Rc5 Qb6 29. Kh1 Qd6 30. Qxd6 Rxd6 31. Rd1 Re8 32. Kg1 Re7
33. Rc8+ Kh7 0-1

[Event "Stare Mesto OPEN"]
[Site "?"]
[Date "2004.08.15"]
[Round "4.4"]
[White "Blumel, Otto"]
[Black "Kireev, Alexei"]
[Result "1/2-1/2"]
[WhiteElo "2244"]
[BlackElo "2358"]
[PlyCount "135"]
[EventDate "2004.??.??"]
[SourceDate "2004.08.15"]

1. e4 g6 2. Nf3 Bg7 3. d4 d6 4. h3 e5 5. dxe5 dxe5 6. Qxd8+ Kxd8 7. Bc4 f6 8.
Be3 Nd7 9. Nc3 c6 10. O-O-O Ke7 11. a4 a5 12. Rd3 Bh6 13. Bxg8 Bxe3+ 14. Rxe3
Rxg8 15. Rd1 Nc5 16. Ne1 Rd8 17. Nd3 Ne6 18. Ne2 b6 19. b3 Ba6 20. g3 Ra7 21.
Nb2 Rad7 22. Rxd7+ Rxd7 23. c3 Nc5 24. Kc2 b5 25. axb5 cxb5 26. b4 Nb7 27. bxa5
Nxa5 28. Nc1 Nc6 29. Ncd3 Rc7 30. Kd2 Bc8 31. h4 Be6 32. Re1 Na5 33. Nc1 Bc4
34. Nxc4 bxc4 35. Na2 Nb3+ 36. Kc2 Ke6 37. Nb4 Ra7 38. Rd1 f5 39. Re1 Rd7 40.
exf5+ gxf5 41. Rd1 Ra7 42. Re1 Ra5 43. Kb2 Rb5 44. Kc2 h5 45. Rd1 Rb6 46. Rd8
Rd6 47. Rxd6+ Kxd6 48. Kd1 Nc5 49. Nc2 Ne4 50. Ne3 Nxf2+ 51. Ke2 Ne4 52. Nxf5+
Kc5 53. Ke3 Nxc3 54. g4 hxg4 55. h5 Nd5+ 56. Kd2 Kb4 57. h6 Nf6 58. Ne3 g3 59.
Ke2 e4 60. Kf1 c3 61. Kg2 Kb3 62. Kxg3 c2 63. Nxc2 Kxc2 64. Kf4 Kd3 65. Kf5 Nh7
66. Kg6 Nf8+ 67. Kf7 Nh7 68. Kg6 1/2-1/2

[Event "Stare Mesto OPEN"]
[Site "?"]
[Date "2004.08.15"]
[Round "4.8"]
[White "Maryasin, Boris"]
[Black "Lasinskas, Povilas"]
[Result "1/2-1/2"]
[WhiteElo "2394"]
[BlackElo "2234"]
[PlyCount "93"]
[EventDate "2004.??.??"]
[SourceDate "2004.08.15"]

1. e4 c5 2. Nf3 Nf6 3. e5 Nd5 4. Nc3 Nxc3 5. dxc3 e6 6. Bf4 Nc6 7. Qd2 Qc7 8.
O-O-O b6 9. Qe3 h6 10. h4 Bb7 11. Nd2 O-O-O 12. Nc4 Na5 13. Nxa5 bxa5 14. c4 d6
15. Be2 Be7 16. exd6 Bxd6 17. Bxd6 Rxd6 18. Rxd6 Qxd6 19. Rd1 Qc7 20. Bf3 Rd8
21. Rxd8+ Kxd8 22. Bxb7 Qxb7 23. Qxc5 Qxg2 24. Qxa5+ Ke8 25. Qxa7 Qf1+ 26. Kd2
Qxc4 27. Qa8+ Ke7 28. Qa3+ Ke8 29. Qa8+ Ke7 30. Qa7+ Ke8 31. c3 Qxh4 32. a4
Qd8+ 33. Kc2 Qd7 34. Qb8+ Qd8 35. Qe5 Qh4 36. Qb5+ Kd8 37. Qb6+ Kc8 38. Qc6+
Kd8 39. Qd6+ Ke8 40. f4 Qe7 41. Qe5 f6 42. Qh5+ Kd8 43. a5 Qb7 44. Qg6 Qb5 45.
Qe4 Qxa5 46. Qxe6 Qa4+ 47. b3 1/2-1/2